000 00299nam a2200145Ia 4500
100 _aBentley/ John
942 _cBK
654 _acomputer
245 _aProgramming Pearls
260 _bAddison Wesley Pub
_aNONE
_c1986
082 _a5.1
_bBEN
300 _a195
546 _aENGLISH
999 _c30698
_d30698